[Event "ACL-A131"]
[Site "www.playchess.de"]
[Date "2001.03.19"]
[Round "16"]
[White "Alyaspogi"]
[Black "Venezuela"]
[WhiteElo "1540"]
[BlackElo "795"]
[PlyCount "34"]
[Result "0-1"]

1.e4 e5 2.Nf3 Nc6 3.Bb5 a6 4.Ba4 {hi}  b5 {hello, 
where are you from?}  5.Bb3 d5 6.Bxd5 Bb7 7.d3 {i 
am from usa , but i came from philippines. what 
about you? do you play a lot?}  h6 {What state are 
you? I'm in florida now.}  8.Nxe5 {i am in 
oklahoma. so how is florida?}  Nxe5 {Now, It si a 
way colder than what it is supose to be.}  9.Bxb7 
{well it's not that cold in oklahoma than it used 
to be. but most of the time it's windy.}  Rb8 {How 
much longer are you going to be on line?}  10.Bd5 
{i could stay here for long while, we don't have 
school today. how about you?}  Qf6 {I will be back 
on line in 15 minutes.}  11.d4 {Ok. so do you play 
in other site besides here?}  Nd7 {yes, I also 
play at very-best.de    I will be back on line at 
11pm ET}  12.Nc3 {what site are you playing? i am 
playing in pacmall online chess.}  Ne7 13.e5 Qf5 
14.Be4 Qe6 15.O-O g6 16.Re1 Bg7 17.d5 
Qxe5 0-1

[Event "ACL-A127"]
[Site "www.playchess.de"]
[Date "2001.03.19"]
[Round "1"]
[White "jalal"]
[Black "Alyaspogi"]
[WhiteElo "1500"]
[BlackElo "1273"]
[PlyCount "27"]
[Result "1-0"]

1.e4 c5 2.f4 d5 3.Nc3 dxe4 4.Nxe4 e6 5.Nf3 Nf6 
6.Ng3 Bd6 7.d3 b6 8.Be2 Bb7 9.O-O Qc7 10.Ng5 h6 
11.N5e4 Bxe4 12.dxe4 O-O 13.e5 Bxe5 
14.fxe5 1-0

[Event "ACL-A127"]
[Site "www.playchess.de"]
[Date "2001.03.19"]
[Round "8"]
[White "Alyaspogi"]
[Black "Westqualmer"]
[WhiteElo "1273"]
[BlackElo "1923"]
[PlyCount "36"]
[Result "0-1"]

1.e4 e6 2.d4 d5 3.Nd2 Nf6 4.e5 Nfd7 5.Ngf3 c5 
6.Bb5 Qb6 7.Bxd7+ Bxd7 8.dxc5 Bxc5 9.O-O Bb5 10.c4 
dxc4 11.a4 Ba6 12.Ne4 Nc6 13.Bg5 c3 14.a5 Qb5 
15.Nxc3 Qxf1+ 16.Qxf1 Bxf1 17.Kxf1 h6 18.Bd2 
Nd4 0-1

[Event "HCL-A105"]
[Site "www.playchess.de"]
[Date "2001.03.19"]
[Round "36"]
[White "Alyaspogi"]
[Black "Geoffrey16"]
[WhiteElo "1442"]
[BlackElo "1700"]
[PlyCount "22"]
[Result "0-1"]

1.e4 e5 2.Nf3 Nc6 3.Bc4 Bc5 4.d3 d6 5.Nc3 Nf6 
6.Bg5 O-O 7.O-O h6 8.Bh4 g5 9.Bg3 Bg4 10.h3 Bxf3 
11.Qxf3 Nd4 0-1

[Event "ACL-A127"]
[Site "www.playchess.de"]
[Date "2001.03.19"]
[Round "17"]
[White "Alyaspogi"]
[Black "Geoffrey16"]
[WhiteElo "1273"]
[BlackElo "1500"]
[PlyCount "20"]
[Result "0-1"]

1.e4 e5 2.Nf3 Nc6 3.Bc4 Bc5 4.d3 d6 5.Nc3 Nf6 
6.O-O O-O 7.Bg5 h6 8.Be3 Bxe3 9.fxe3 Bg4 10.h3 
Bxf3 0-1

[Event "ACL-A127"]
[Site "www.playchess.de"]
[Date "2001.03.19"]
[Round "20"]
[White "Geoffrey16"]
[Black "Westqualmer"]
[WhiteElo "1500"]
[BlackElo "1923"]
[PlyCount "50"]
[Result "0-1"]

1.e4 e5 2.Nf3 Nc6 3.Bb5 a6 4.Ba4 Nf6 5.d3 Bc5 
6.O-O b5 7.Bb3 O-O 8.Nc3 h6 9.Bd5 Re8 10.a3 Bb7 
11.b4 Bb6 12.Bb2 d6 13.Ba2 Ne7 14.Ne2 Ng6 15.Re1 
Qd7 16.Ng3 a5 17.Qc1 Qg4 18.Nf5 Nf4 19.N5h4 g5 
20.g3 gxh4 21.Nxh4 {I think people from germany 
are really good. your a good player.}  Ne2+ 
{thanks}  22.Rxe2 {so how long you've been 
playing? any do you play in any other site?}  Qxe2 
{sorry, my english isn't very good}  23.Qxh6 {Oh. 
it's ok i think mine is not good neither.}  Qxf2+ 
24.Kh1 Nxe4 25.Bxf7+ Qxf7 0-1

[Event "HCL-E006"]
[Site "www.playchess.de"]
[Date "2001.03.19"]
[Round "1"]
[White "d2d4"]
[Black "cdime"]
[WhiteElo "2000"]
[BlackElo "2000"]
[PlyCount "27"]
[Result "1-0"]

1.d4 Nf6 2.c4 e6 3.Nc3 Bb4 4.Qb3 c5 5.dxc5 Nc6 
6.Nf3 Ne4 7.Bd2 Nxd2 8.Nxd2 f5 9.e3 O-O 10.Be2 
Bxc5 11.O-O b6 12.Nf3 Bb7 13.Rad1 Qe7 
14.Na4 1-0

[Event "HCL-E006"]
[Site "www.playchess.de"]
[Date "2001.03.19"]
[Round "4"]
[White "d2d4"]
[Black "Gearloose"]
[WhiteElo "2000"]
[BlackElo "2112"]
[PlyCount "51"]
[Result "1/2-1/2"]

1.d4 Nf6 2.c4 c5 3.d5 b5 4.cxb5 a6 5.bxa6 Bxa6 
6.Nc3 d6 7.Nf3 g6 8.g3 Bg7 9.Bg2 Nbd7 10.O-O Nb6 
11.Rb1 Bc4 12.b3 Bxd5 13.Qc2 Bb7 14.e4 Nfd7 15.Re1 
O-O 16.Bf4 Re8 17.a4 Nf8 18.Qd2 Ne6 19.Bh6 Bh8 
20.Nd5 Nd4 21.Nxd4 Bxd4 22.Be3 Bg7 23.Nxb6 Qxb6 
24.b4 Rxa4 25.bxc5 Qa6 26.cxd6 1/2-1/2

[Event "HCL-E006"]
[Site "www.playchess.de"]
[Date "2001.03.19"]
[Round "5"]
[White "Gearloose"]
[Black "cdime"]
[WhiteElo "2112"]
[BlackElo "2000"]
[PlyCount "25"]
[Result "1-0"]

1.e4 c5 2.a3 Nc6 3.b4 cxb4 4.axb4 Nxb4 5.c3 Nc6 
6.d4 d5 7.exd5 Qxd5 8.Nf3 Bg4 9.Be2 e6 10.O-O Nf6 
11.Re1 Be7 12.Nbd2 O-O 13.Nc4 1-0

[Event "HCL-E006"]
[Site "www.playchess.de"]
[Date "2001.03.19"]
[Round "6"]
[White "Jacob"]
[Black "Gearloose"]
[WhiteElo "2000"]
[BlackElo "2112"]
[PlyCount "36"]
[Result "1/2-1/2"]

1.d4 Nf6 2.Nf3 e6 3.c4 b6 4.Nc3 Bb7 5.a3 d5 6.Bg5 
Be7 7.e3 O-O 8.Bd3 Nbd7 9.cxd5 exd5 10.Qc2 c5 
11.O-O Ne4 12.Bf4 Ndf6 13.dxc5 Nxc5 14.Rac1 Nxd3 
15.Qxd3 Ne4 16.Rfd1 Nxc3 17.Rxc3 Rc8 18.Rdc1 
Rxc3 1/2-1/2

[Event "HCL-E006"]
[Site "www.playchess.de"]
[Date "2001.03.19"]
[Round "10"]
[White "Gearloose"]
[Black "dzwonek"]
[WhiteElo "2112"]
[BlackElo "2000"]
[PlyCount "62"]
[Result "0-1"]

1.e4 c5 2.a3 e6 3.b4 cxb4 4.axb4 d5 5.exd5 exd5 
6.Bb5+ Nc6 7.Qe2+ Be6 8.Bb2 Nge7 9.Nf3 a6 10.Bxc6+ 
Nxc6 11.b5 Qb6 12.O-O Na7 13.Nc3 d4 14.Nd5 Qd6 
15.c4 Nxb5 16.cxb5 d3 17.Qxd3 Qxd5 18.Qe2 a5 
19.Rfe1 h5 20.Qe4 Qxe4 21.Rxe4 Rh6 22.d4 Be7 
23.Ba3 Bxa3 24.Rxa3 Kd7 25.Re5 b6 26.Rae3 Kd6 
27.Nh4 a4 28.Nf5+ Bxf5 29.Rxf5 Re6 30.Rfe5 a3 
31.R3e1 a2 0-1

[Event "HCL-A028"]
[Site "www.playchess.de"]
[Date "2001.03.20"]
[Round "34"]
[White "GoodKnight"]
[Black "Aussie_3340"]
[WhiteElo "1700"]
[BlackElo "1767"]
[PlyCount "75"]
[Result "1-0"]

1.e4 e5 2.Nf3 Nc6 3.Bc4 Bc5 4.c3 Nf6 5.d4 exd4 
6.cxd4 Bb4+ 7.Bd2 Bxd2+ 8.Nbxd2 d5 9.exd5 Nxd5 
10.Qb3 Na5 11.Qa4+ Nc6 12.Bb5 Bd7 13.Qb3 Nb6 
14.O-O O-O 15.Rfe1 Na5 16.Qb4 Bxb5 17.Qxb5 Qd5 
18.Qxd5 Nxd5 19.Ne4 Rfe8 20.Rac1 b6 21.Kf1 h6 
22.Ne5 Rad8 23.Nc3 f6 24.Nxd5 Rxd5 25.Ng6 Rxe1+ 
26.Kxe1 Kh7 27.Ne7 Rd7 28.Nf5 Nb7 29.Ne3 a5 30.h3 
Nd6 31.g4 g5 32.Ke2 Kg6 33.a4 h5 34.Rc6 hxg4 
35.hxg4 Nf7 36.Nf5 Nd8 37.Rc3 Ne6 
38.Ke3 1-0

[Event "HCL-A046"]
[Site "www.playchess.de"]
[Date "2001.03.20"]
[Round "19"]
[White "Gearloose"]
[Black "Patmatter"]
[WhiteElo "2016"]
[BlackElo "1900"]
[PlyCount "32"]
[Result "0-1"]

1.e4 c5 2.a3 g6 3.Bc4 Nf6 4.Nc3 d6 5.Nge2 Bg7 6.d3 
O-O 7.h3 Nc6 8.Be3 a6 9.Qd2 b5 10.Ba2 e6 11.g4 Bb7 
12.Ng3 Nd7 13.f4 b4 14.axb4 Nxb4 15.Bb3 a5 16.Nd1 
Nc6 0-1

[Event "HCL-A054"]
[Site "www.playchess.de"]
[Date "2001.03.20"]
[Round "5"]
[White "raghavendrakarthik"]
[Black "peze3"]
[WhiteElo "1548"]
[BlackElo "1700"]
[PlyCount "50"]
[Result "0-1"]

1.d4 Nf6 2.Nf3 g6 3.e4 Nxe4 4.Nbd2 Nxd2 5.Bxd2 Bg7 
6.Bd3 c5 7.dxc5 Bxb2 8.Rb1 Bf6 9.O-O Qc7 10.Qe2 
Qxc5 11.Rb5 Qc7 12.Rc1 d6 13.Bg5 Bg7 14.c3 e6 
15.Qd2 Bd7 16.Rb3 O-O 17.Bh6 Bc6 18.Bxg7 Kxg7 
19.Ng5 Nd7 20.h4 Nc5 21.Rb4 h6 22.Ne4 a5 23.Rb2 
Bxe4 24.Bxe4 {how is life?}  Nxe4 {??}  25.Qd4+ 
Nf6 0-1

[Event "HCL-B106"]
[Site "www.playchess.de"]
[Date "2001.03.20"]
[Round "25"]
[White "dogman"]
[Black "polemicz"]
[WhiteElo "1264"]
[BlackElo "1500"]
[PlyCount "46"]
[Result "0-1"]

1.e4 c5 2.Nf3 d6 3.d4 cxd4 4.Nxd4 Nf6 5.Nc3 Nc6 
6.Bb5 Bd7 7.Be3 e6 8.O-O Be7 9.f4 a6 10.Ba4 b5 
11.Bb3 b4 12.Nce2 Nxe4 13.Qd3 Nc5 14.Qc4 d5 
15.Nxc6 dxc4 16.Nxd8 cxb3 17.Nxf7 Kxf7 18.Rad1 Bb5 
19.Rfe1 bxc2 20.Rd2 Nd3 21.Rf1 Rhc8 22.Nc1 Nxb2 
23.Kf2 Bxf1 0-1

[Event "HCL-B115"]
[Site "www.playchess.de"]
[Date "2001.03.20"]
[Round "14"]
[White "Vampir"]
[Black "Czentovic"]
[WhiteElo "1500"]
[BlackElo "1200"]
[PlyCount "40"]
[Result "0-1"]

1.d4 Nf6 2.c4 g6 3.Nc3 Bg7 4.e4 d6 5.Nf3 O-O 6.Be2 
e5 7.d5 a5 8.O-O Na6 9.Be3 Ng4 10.Bg5 f6 11.Bd2 f5 
12.a3 f4 13.b4 Bd7 14.bxa5 Nc5 15.Ne1 h5 16.f3 Nh6 
17.Nd3 Nxd3 18.Bxd3 Rxa5 19.Ne2 Ra8 20.a4 
g5 0-1

[Event "HCL-B131"]
[Site "www.playchess.de"]
[Date "2001.03.20"]
[Round "29"]
[White "Denzil"]
[Black "victor"]
[WhiteElo "1200"]
[BlackElo "1200"]
[PlyCount "45"]
[Result "1-0"]

1.e4 e6 2.d4 d5 3.e5 c5 4.c3 Nc6 5.Bb5 Bd7 6.Nf3 
cxd4 7.Nxd4 Nxe5 8.Be2 Bc5 9.O-O Nf6 10.Bg5 h6 
11.Bh4 Be7 12.Qb3 Qc7 13.Nd2 O-O 14.Rfe1 Neg4 
15.Bxg4 Nxg4 16.Bxe7 Qxh2+ 17.Kf1 Qf4 18.N2f3 Rfe8 
19.Qxb7 Rab8 20.Qxd7 Nh2+ 21.Kg1 Ng4 22.Bd6 Qg5 
23.Nxg5 1-0

[Event "HCL-B131"]
[Site "www.playchess.de"]
[Date "2001.03.20"]
[Round "32"]
[White "yar75028"]
[Black "Denzil"]
[WhiteElo "1500"]
[BlackElo "1200"]
[PlyCount "68"]
[Result "0-1"]

1.e4 c5 2.Nf3 d6 3.Nc3 Nf6 4.Bb5+ Bd7 5.Bxd7+ 
Nbxd7 6.O-O a6 7.d4 cxd4 8.Qxd4 e6 9.Be3 Be7 
10.Rfd1 Qc7 11.Nd2 O-O 12.Qc4 Rfc8 13.Qxc7 Rxc7 
14.f3 b5 15.Rac1 b4 16.Ne2 Rac8 17.Nd4 g6 18.Kh1 
e5 19.Ne2 R7xc2 20.Nb3 Kg7 21.Rd2 Rxd2 22.Bxd2 
Rxc1+ 23.Nexc1 d5 24.Nd3 dxe4 {Sorry for delay, 
been very busy!}  25.fxe4 Nxe4 26.Bxb4 Nf2+ 
27.Nxf2 Bxb4 28.Kg1 {it's starting to look bleak 
for me.}  f5 29.Nd3 Bd6 30.Ne1 { a few more 
moves.}  Nb6 31.Nd3 Na4 32.Nd2 e4 33.b3 Nc3 34.Nc1 
Bf4 0-1

[Event "HCL-B142"]
[Site "www.playchess.de"]
[Date "2001.03.20"]
[Round "36"]
[White "cobra"]
[Black "nadavies_uk"]
[WhiteElo "1200"]
[BlackElo "1355"]
[PlyCount "37"]
[Result "1-0"]

1.e4 c5 2.d3 Nc6 3.Be3 Nf6 4.h3 d5 5.f3 d4 6.Bd2 
{Nice to be back}  e5 {Aye. Where were you from 
again?}  7.Bg5 {Truro,Cornwall England and its 
wet}  h6 8.Bxf6 Qxf6 {we've had snow in Hampshire} 
 9.g3 h5 {You said. How was your weekend?}  10.Bg2 
{buisy another wedding}  g5 {Well, I finally got a 
job! huzzah!"}  11.Nd2 {Congrats}  h4 {why 
thankyou. trouble is, its in Wolverhampton..}  
12.g4 {I believe you have a sense of humour?}  b5 
{You would have to, to live in the West Midlands.} 
 13.Qe2 Nb4 14.Qd1 Be6 15.Ne2 Nxa2 16.O-O Nb4 
17.c3 Nc6 18.Qc2 dxc3 19.Nxc3 1-0

[Event "HCL-C119"]
[Site "www.playchess.de"]
[Date "2001.03.20"]
[Round "7"]
[White "Achilles"]
[Black "Nobby"]
[WhiteElo "1000"]
[BlackElo "1000"]
[PlyCount "56"]
[Result "0-1"]

1.e4 e5 2.Nf3 Nf6 3.Nc3 Nc6 4.Bc4 Bb4 5.Nd5 Ba5 
6.Nxf6+ Qxf6 7.O-O d6 8.h3 g5 9.d3 g4 10.Ng5 gxh3 
11.g3 h6 12.Nxf7 Rh7 13.Qh5 Rxf7 14.f4 Bb6+ 15.Kh2 
Be6 16.Bxe6 Qxe6 17.fxe5 Nxe5 18.Bxh6 Ng4+ 19.Kh1 
Nxh6 20.Rxf7 Nxf7 21.Rf1 Ke7 22.Qh4+ Kd7 23.Qh7 
Rf8 24.g4 Qxg4 25.Rxf7+ Kc6 26.Qg7 Qg2+ 27.Qxg2 
hxg2+ 28.Kxg2 Rxf7 0-1

[Event "HCL-C131"]
[Site "www.playchess.de"]
[Date "2001.03.20"]
[Round "10"]
[White "kooldown"]
[Black "Raiss"]
[WhiteElo "1081"]
[BlackElo "1000"]
[PlyCount "46"]
[Result "1-0"]

1.e4 Nc6 2.d4 Nf6 3.e5 Ne4 4.Bd3 f5 5.exf6 e.p 
6.Nxf6 Nf3 7.e6 Bg5 8.h6 Bxf6 9.gxf6 Bg6+ 10.Ke7 
O-O 11.e4 Re1 12.f5 Bxf5 13.d5 Bg6 14.Rg8 Bh5 
15.Kd6 Nfd2 16.Nxd4 Nxe4+ 17.dxe4 Qxd4+ 18.Ke7 
Rxe4+ 19.Be6 Qe5 20.Qd5 Qxd5 21.Kf6 Qe5+ 22.Ke7 
Qxe6+ 23.Kd8 Qe8+ 1-0

[Event "HCL-C134"]
[Site "www.playchess.de"]
[Date "2001.03.20"]
[Round "3"]
[White "Claire"]
[Black "E_T_"]
[WhiteElo "567"]
[BlackElo "1000"]
[PlyCount "74"]
[Result "0-1"]

1.e4 e5 2.Nf3 d6 3.Nc3 c6 4.Bc4 Be7 5.d4 b5 6.Bb3 
a5 7.Bd2 a4 8.Bxf7+ Kxf7 9.O-O Bf6 10.d5 b4 11.Ne2 
c5 12.Ng3 g6 13.Qc1 h6 14.c4 c3 15.Bxc3 Nd7 16.b3 
a3 17.b4 Ba6 18.Re1 Bb5 19.bxc5 dxc5 20.Nd2 Qc7 
21.Nb3 Be7 22.d6 Bxd6 23.Nf5 gxf5 24.exf5 Ngf6 
25.Qe3 Ng4 26.Qg3 Rag8 27.Ba5 Qb8 28.Nd2 e4 29.Qh4 
Bxh2+ 30.Kh1 Ndf6 31.Nxe4 Nxe4 32.Rxe4 Nxf2+ 
33.Qxf2 Qd6 34.Re6 Bg3 35.Rxd6 Bxf2 36.Bc3 Rg4 
37.Bxh8 Rh4+ 0-1

[Event "HCL-C140"]
[Site "www.playchess.de"]
[Date "2001.03.20"]
[Round "9"]
[White "ve7wln"]
[Black "Ivan"]
[WhiteElo "1322"]
[BlackElo "1000"]
[PlyCount "62"]
[Result "0-1"]

1.d4 d5 2.c4 c6 3.e3 Nf6 4.Nc3 Bg4 5.Nf3 dxc4 
6.Bxc4 Nbd7 7.O-O e6 8.e4 e5 9.Qd3 Bb4 10.Nxe5 Be6 
11.Bxe6 Nxe5 12.Qh3 O-O 13.Bf5 Qxd4 14.Bg5 h6 
15.Bxf6 Bxc3 16.Bxg7 Kxg7 17.Qg3+ Kh8 18.bxc3 Qd6 
19.Rad1 Qf6 20.Qh3 b5 21.f4 Nc4 22.Rf3 Rad8 
23.Rxd8 Rxd8 24.e5 Qg7 25.Rg3 Qf8 26.Rf3 Rd1+ 
27.Kf2 Qc5+ 28.Ke2 Rd2+ 29.Ke1 Qg1+ 30.Rf1 Rd1+ 
31.Kxd1 Qxf1+ 0-1

[Event "HCL-C147"]
[Site "www.playchess.de"]
[Date "2001.03.20"]
[Round "9"]
[White "jpm"]
[Black "Herb_CN"]
[WhiteElo "1100"]
[BlackElo "1000"]
[PlyCount "51"]
[Result "1-0"]

1.d4 d5 {Hi!}  2.c4 e6 3.Nc3 Nf6 4.Bg5 Be7 5.Nf3 
Nbd7 6.e3 O-O 7.Rc1 c6 8.Bd3 h6 9.Bf4 Nh5 10.Be5 
Nxe5 11.Nxe5 Nf6 12.O-O Nd7 13.f4 Nxe5 14.fxe5 
dxc4 15.Bxc4 Bd7 16.e4 Bg5 17.Rc2 Be3+ 18.Kh1 Qb6 
19.d5 cxd5 20.exd5 Rac8 21.dxe6 fxe6 22.Rxf8+ Kxf8 
23.Ne4 Bd4 24.Nd6 Rd8 25.Qh5 Bc5 
26.Qf7+ 1-0

[Event "ACL-A062"]
[Site "www.playchess.de"]
[Date "2001.03.20"]
[Round "31"]
[White "Bill"]
[Black "Impi"]
[WhiteElo "1763"]
[BlackElo "1500"]
[PlyCount "59"]
[Result "1-0"]

1.e4 c5 2.Nf3 d6 3.d4 cxd4 4.Nxd4 Nf6 5.Nc3 a6 
6.Bg5 Nbd7 7.f4 e5 8.Nb3 h6 9.Bxf6 Nxf6 10.fxe5 
dxe5 11.Qxd8+ Kxd8 12.Be2 Bd7 13.O-O Rc8 14.a3 Be6 
15.Kh1 Kc7 16.Bc4 Bxc4 17.Rfd1 Ng4 18.Rd2 Kb8 
19.Na4 Nf6 20.Nc3 Be7 21.g3 Rhd8 22.Rad1 Bxb3 
23.R2xd8 Rxd8 24.Rxd8+ Bxd8 25.cxb3 Bb6 26.Kg2 Bd4 
27.Kf3 Bxc3 28.bxc3 Kc7 29.c4 Kc6 
30.b4 1-0

[Event "ACL-E004"]
[Site "www.playchess.de"]
[Date "2001.03.20"]
[Round "19"]
[White "rht341"]
[Black "GoodKnight"]
[WhiteElo "1893"]
[BlackElo "2353"]
[PlyCount "93"]
[Result "1-0"]

1.c4 Nf6 2.d4 e6 3.Nc3 Bb4 4.e3 O-O 5.Bd3 d5 6.Nf3 
c5 7.O-O Nc6 {Longest chess move I've ever made.}  
8.a3 {For sure!  Good to be playing again.}  Bxc3 
9.bxc3 dxc4 10.Bxc4 Qc7 11.Bd3 e5 12.Qc2 Rd8 
13.Bb2 Bg4 14.Ng5 h6 15.Ne4 Nxe4 16.Bxe4 Na5 17.d5 
Nc4 18.Bc1 f5 19.Bd3 Nb6 20.c4 e4 21.Be2 Bxe2 
22.Qxe2 Na4 23.Qc2 b5 24.Rb1 a6 25.Bd2 Qd7 26.Ba5 
Rdb8 27.f3 Rbe8 28.d6 Kh8 29.fxe4 Rxe4 30.Qd3 Rxc4 
31.Rxf5 Nc3 32.Rbf1 Ne4 33.Bc7 Nf6 34.Re5 Rg4 
35.Rxf6 {Interesting game :)}  Rxg2+ {Interesting, 
yes. But one I am about to lose.}  36.Kxg2 {Game 
was very even until last move.}  Qg4+ 37.Kf1 Qh3+ 
38.Ke1 gxf6 39.Re7 Qh4+ 40.Kd2 Qf2+ 41.Kc3 Qe1+ 
42.Kb2 Qf2+ 43.Qc2 Qxc2+ 44.Kxc2 Kg8 45.d7 Kf8 
46.Bd6 Rd8 47.Re8+ 1-0

[Event "ACL-A078"]
[Site "www.playchess.de"]
[Date "2001.03.20"]
[Round "29"]
[White "Tony"]
[Black "Hermi"]
[WhiteElo "1881"]
[BlackElo "2107"]
[PlyCount "40"]
[Result "1/2-1/2"]

1.d4 {Have a nice game!!}  Nf6 {Thank´s! Good Game 
for us!}  2.c4 e6 3.Nc3 Bb4 4.Qc2 O-O 5.Bd2 d5 
6.e3 Nbd7 7.Nf3 b6 8.Bd3 dxc4 9.Bxc4 Bb7 10.O-O c5 
11.a3 Bxc3 12.Bxc3 Rc8 13.dxc5 Bxf3 14.gxf3 Rxc5 
15.Bb4 Rg5+ 16.Kh1 Qa8 17.e4 Rc8 18.Qe2 a5 19.Bd6 
Qc6 20.Ba6 Qxd6 1/2-1/2

[Event "HCL-M010"]
[Site "www.playchess.de"]
[Date "2001.03.20"]
[Round "5"]
[White "babygenius"]
[Black "Utesch"]
[WhiteElo "2200"]
[BlackElo "2433"]
[PlyCount "52"]
[Result "0-1"]

1.e4 c5 {All the best!}  2.Nf3 {thanks and let`s 
do battle}  e6 3.d4 {what country are you from???} 
 cxd4 {I'm from Hanover, a city in the nothern 
part of Germany.}  4.Nxd4 {are you a lasker fan as 
i have ?? if you are.}  Qb6 {No, I'm not a lasker 
fan. Where are you from?}  5.Nb3 {Indiana,usa then 
who is your favorite players????}  Qc7 6.Bd3 
{sorry for being so curious but i presently can 
not travel worldwide}  a6 7.O-O {INDIANA,USA}  Nf6 
8.Nc3 d6 9.f4 b6 10.Qe2 Bb7 11.g4 b5 12.g5 Nfd7 
13.Be3 Nc6 14.Rf2 b4 15.Nd5 exd5 16.exd5 Ne7 17.f5 
Ne5 18.Bd4 Bxd5 19.Re1 N7c6 20.Bc4 Nxd4 21.Nxd4 
Qxc4 22.Qd2 Be7 23.f6 gxf6 24.Nf5 Rg8 25.h4 Qg4+ 
26.Kh2 Bf3 0-1

[Event "HCL-A069"]
[Site "www.playchess.de"]
[Date "2001.03.20"]
[Round "19"]
[White "Matti"]
[Black "Lacey"]
[WhiteElo "1677"]
[BlackElo "1779"]
[PlyCount "48"]
[Result "0-1"]

1.e4 {Hello. I wish you a good game!}  e5 {you 
too}  2.Nf3 Nc6 3.Bc4 Nf6 4.Nc3 Nxe4 5.Bxf7+ Kxf7 
6.Nxe4 d5 7.Neg5+ Kg8 8.d4 h6 9.Nh3 Bg4 10.dxe5 
Nxe5 11.Nf4 g5 12.Nd3 Nxf3+ {no not yet!!}  
13.gxf3 Bf5 14.f4 Qe8+ 15.Qe2 Bg4 16.Qxe8 Rxe8+ 
17.Kf1 Bd1 18.fxg5 Bxc2 19.Ne1 Bf5 20.gxh6 Bh3+ 
21.Ng2 c5 22.Bf4 Bxh6 23.Bxh6 Rxh6 24.Rg1 
Rhe6 0-1

[Event "HCL-C161"]
[Site "www.playchess.de"]
[Date "2001.03.20"]
[Round "18"]
[White "guerino"]
[Black "Translightor"]
[WhiteElo "1067"]
[BlackElo "1280"]
[PlyCount "96"]
[Result "1/2-1/2"]

1.d4 d5 2.c4 e6 3.Nc3 Nf6 4.Nf3 c6 5.Bg5 Be7 6.e3 
O-O 7.Rc1 Nbd7 8.Bd3 dxc4 9.Bxc4 Nb6 10.Bd3 Nbd5 
11.Nxd5 exd5 12.O-O h6 13.Bh4 Ne4 14.Bxe7 Qxe7 
15.h3 f5 16.Ne5 Qf6 17.a4 f4 18.exf4 Qxf4 19.Qh5 
Qg5 20.Qxg5 Nxg5 21.b4 a6 22.a5 Kh8 23.Ng6+ Kg8 
{Stupid!}  24.Nxf8 Kxf8 25.Rfe1 Ne6 26.Rcd1 Bd7 
27.Bf5 Re8 28.Re5 Kf7 29.Rde1 g6 30.Bxe6+ Bxe6 
31.f4 h5 32.g4 hxg4 33.hxg4 Bd7 34.R5xe8 Bxe8 
35.Kf2 Bd7 36.Kg3 Be6 37.Re5 Kf6 38.Kh4 Bd7 39.Kg3 
Be6 40.Kf3 Bd7 41.Re1 Be6 42.Rh1 Kg7 43.Re1 Kf6 
44.Kg3 Kf7 45.Kh4 Kf6 46.Re5 Bd7 47.Kg3 Be6 {I 
claim a draw. The same position ocurred after move 
37 and move 39.}  48.f5 gxf5 {The position after 
moves 37, 39 and 47 is identical with the same 
side to move. Therefore: DRAW - TD} 
 1/2-1/2

[Event "ACL-A088"]
[Site "www.playchess.de"]
[Date "2001.03.20"]
[Round "5"]
[White "Stema"]
[Black "Westqualmer"]
[WhiteElo "2164"]
[BlackElo "1500"]
[PlyCount "124"]
[Result "0-1"]

1.e4 e6 2.d4 d5 3.Nc3 Nf6 4.Bg5 dxe4 5.Nxe4 Be7 
6.Nxf6+ Bxf6 7.Bxf6 Qxf6 8.c3 O-O 9.Bd3 Nd7 10.Nf3 
e5 11.O-O exd4 12.cxd4 c6 13.Qc2 h6 14.Rfe1 Nb6 
15.a4 Nd5 16.Re5 Bg4 17.Be4 Rad8 18.Re1 Nf4 19.Re7 
Ne6 20.Rxb7 Bxf3 21.Bxf3 Nxd4 22.Qd3 Rfe8 23.Rxe8+ 
Rxe8 24.Be4 Qe5 25.f3 f5 26.Rd7 Ne6 27.Bxf5 Nc5 
28.Qc3 Nxd7 29.Bxd7 Qe1+ 30.Qxe1 Rxe1+ 31.Kf2 Rc1 
32.b4 Rc2+ 33.Kg3 Kf7 34.Bf5 Ra2 35.a5 Ke7 36.f4 
c5 37.bxc5 Rxa5 38.Kf2 Rxc5 39.Bg4 Rc2+ 40.Kg3 a5 
41.Bd1 Ra2 42.Kf3 a4 43.h3 a3 44.Bb3 Rb2 45.Bg8 a2 
46.Bxa2 Rxa2 47.g4 Ra3+ 48.Kg2 Ke6 49.h4 Kd5 50.g5 
Ke4 51.gxh6 gxh6 52.f5 Kxf5 53.Kf2 Kg4 54.Ke2 Kxh4 
55.Ke1 Ra2 56.Kd1 Kg3 57.Kc1 h5 58.Kb1 Rg2 59.Kc1 
h4 60.Kd1 h3 61.Ke1 h2 62.Kf1 {Gratuliere!}  h1R+ 
{%}  0-1

[Event "HCL-B153"]
[Site "www.playchess.de"]
[Date "2001.03.20"]
[Round "7"]
[White "sarek"]
[Black "Scorpio"]
[WhiteElo "1086"]
[BlackElo "1229"]
[PlyCount "25"]
[Result "1-0"]

1.e4 c5 2.c3 d5 3.exd5 Qxd5 4.d4 Nc6 5.Nf3 cxd4 
6.cxd4 e5 7.Nc3 Bb4 8.Bd2 Bxc3 9.bxc3 Nf6 10.Be2 
exd4 11.cxd4 Nxd4 12.Qa4+ Nb5 13.Bxb5+ 1-0

[Event "HCL-B153"]
[Site "www.playchess.de"]
[Date "2001.03.20"]
[Round "13"]
[White "dgrudny"]
[Black "Jeff_Foster"]
[WhiteElo "1500"]
[BlackElo "1328"]
[PlyCount "74"]
[Result "0-1"]

1.e4 d6 2.d4 Nf6 3.Nc3 g6 4.f4 Bg7 5.Nf3 O-O 6.Be3 
c5 7.dxc5 Qa5 8.Bd3 Ng4 9.Bd2 Qxc5 10.Qe2 Nf6 
11.O-O-O Bg4 12.h3 Bxf3 13.Qxf3 Nbd7 14.g4 Rac8 
15.g5 Nh5 16.Nd5 Rfe8 17.f5 Ne5 18.Qe3 gxf5 19.Kb1 
Nxd3 20.Qxd3 fxe4 21.Qb3 Qc4 22.Qxc4 Rxc4 23.Ne3 
Rc5 24.Ng4 Rec8 25.c3 Rb5 26.Nh6+ Bxh6 27.gxh6 f5 
28.Rhg1+ Kf7 29.Rg5 Nf6 30.Rdg1 Ke6 31.R5g7 f4 
32.R1g5 Rxg5 33.Rxg5 e3 34.Be1 Rc5 35.h4 Rxg5 
36.hxg5 f3 {I hope this works!}  37.gxf6 
f2 0-1

[Event "HCL-B162"]
[Site "www.playchess.de"]
[Date "2001.03.20"]
[Round "11"]
[White "orange"]
[Black "iq160"]
[WhiteElo "1029"]
[BlackElo "998"]
[PlyCount "78"]
[Result "0-1"]

1.e4 {hello}  c5 2.Nf3 d6 3.d4 cxd4 4.Nxd4 Nf6 
5.Nc3 g6 6.f4 Nc6 7.Bb5 Bd7 8.O-O Bg7 9.Nxc6 bxc6 
10.Be2 Qb6+ 11.Kh1 O-O 12.Qd3 Bg4 13.Qe3 Qxe3 
14.Bxe3 Bxe2 15.Nxe2 Nxe4 16.c3 Rab8 17.Bxa7 Rxb2 
18.Rfe1 c5 {this move annuls your bishop isn't 
that nice from me?}  19.a4 {yes i see, very nice 
move did you have that planed?. i am loosing badly 
to you and pird.}  Ra8 {I sometimes have a plan, 
yes}  20.Rab1 {this is the first time i try f4 
against sicialian. not so good. what do you play 
against c5 d6?}  Rxb1 {mostly english attack}  
21.Rxb1 Rxa7 22.Ra1 {english attack looks better. 
thanks.}  Nxc3 23.Nxc3 Bxc3 24.Ra3 Rb7 25.g3 Bb2 
26.Ra2 {you will win soon :-(}  c4 {thats 
inevitable}  27.a5 c3 28.a6 Ra7 29.Kg2 c2 30.Rxb2 
c1Q {%}  31.Rb7 {that hurt}  Qc6+ 32.Kf2 Rxb7 
33.axb7 Qxb7 34.Kf1 Qe4 {I love this sort of 
endgame}  35.Kf2 {i hate it, from this side.}  d5 
36.Kf1 {draw by repetition ?}  Qc2 {be serious}  
37.h4 {LOL}  d4 38.g4 d3 {u go for a stalemate?}  
39.h5 {my only chance}  Qe2+ 0-1

[Event "HCL-M011"]
[Site "www.playchess.de"]
[Date "2001.03.20"]
[Round "16"]
[White "ARMAGEDON_8"]
[Black "Bronislaw"]
[WhiteElo "2253"]
[BlackElo "2326"]
[PlyCount "40"]
[Result "0-1"]

1.e4 e5 {Good Luck !}  2.f4 {Good luck!!}  d5 
3.exd5 exf4 4.Nf3 Nf6 5.Bc4 Bd6 6.O-O O-O 7.d4 Bg4 
8.Nc3 Nbd7 9.Qd3 Re8 10.Nb5 Nb6 11.Nxd6 Qxd6 
12.Bb5 c6 13.dxc6 bxc6 14.Bc4 Bxf3 15.Rxf3 Re1+ 
16.Rf1 Rxf1+ 17.Kxf1 f3 18.g3 Nxc4 19.Qxc4 Ng4 
20.Bf4 Qxf4 0-1